000
00375nam a2200145Ia 4500
008
231129s2006||||xx |||||||||||||| ||spa||
020
_a
958-04-8837-1
040
_b
spa
082
_a
(i) 843 G873s
100
_a
Grobler Piet
245
0
_a
Sólo un sorbo!
260
_c
2006
264
_a
Bogotá Colombia : Norma
942
_2
ddc
_c
BKS
999
_c
24803
_d
24803